Normal view
MARC view
- Michael O'NAN
Entry Personal Name
001 - CONTROL NUMBER
- control field: 126830
003 - CONTROL NUMBER IDENTIFIER
- control field: NUST
005 - DATE AND TIME OF LATEST TRANSACTION
- control field: 20241111094405.0
008 - FIXED-LENGTH DATA ELEMENTS
- fixed length control field: 241111|| aca||aabn | a|a d
040 ## - CATALOGING SOURCE
- Original cataloging agency: NUST
- Transcribing agency: NUST
100 ## - HEADING--PERSONAL NAME
- Personal name: Michael O'NAN
670 ## - SOURCE DATA FOUND
- Source citation: Work cat.: (NUST): Michael O'NAN, Linear algebra , 1990.
